000 00837nam a2200241 i 4500
001 186237
003 SpMaBN
005 20240131180318.0
008 160926s2014 sp |||| | spa d
020 _a978-84-15006-80-0
080 _a821.134.2-14"19"
100 1 _aGarcía Abejas, David.
_9160975
245 1 0 _aDe la realidad y del amor, del poeta y del yo /
_cDavid García Abejas.
250 _a1ª ed.
260 _aMadrid :
_bPoesía Eres Tú,
_c2014.
300 _a93 p. ;
_c21 cm.
490 1 _aPoesía eres tú
830 0 0 _aPoesía eres tú (Madrid)
_9225373
852 _aES-MaACL
_jA-13831
_9193292
_bR.150904
_cDEPO1
_dOlim: N-6831
_hDonación: David García Abejas
_gDedicatoria autógrafa del autor
903 _9160975
_aGarcía Abejas, David
_ednr
942 _2udc
_cMONOGRAFIA
999 _c186237
_d186237